Statistiques concernant Les préfectures des 6 départements composant la région Centre-Val de Loire

Cliquez ici pour prendre le quiz!

Statistiques générales

  • Ce quiz a été pris 106 fois
  • Le résultat moyen est 5 sur 6

Statistiques - réponses

DépartementPréfecture% Correct
45Orléans
99%
37Tours
95%
18Bourges
91%
28Chartres
90%
36Chateauroux
88%
41Blois
83%

Distribution des résultats

Percentile par nombre de réponses

% des personnes avec chaque résultat

Votre développement - résultats

Vous n’avez pas pris ce quiz